000
00312nam a2200109Ia 4500
008
171211s9999 xx 000 0 und d
245
_a
Les abeilles comme vous ne les avez jamais vues
245
_c
Pierre Maréchal
260
_c
2014
650
_x
ANIMALS
856
_u
http://down.ebook777.com/057/1090213302.pdf
999
_c
348410
_d
348410